<?xml version="1.0" encoding="UTF-8"?>
<record
    xmlns:xsi="http://www.w3.org/2001/XMLSchema-instance"
    xsi:schemaLocation="http://www.loc.gov/MARC21/slim http://www.loc.gov/standards/marcxml/schema/MARC21slim.xsd"
    xmlns="http://www.loc.gov/MARC21/slim">

  <leader>01214Cam#a2200301#a#4500</leader>
  <controlfield tag="003">AR-BeUNQ</controlfield>
  <controlfield tag="005">20220224182226.0</controlfield>
  <controlfield tag="008">151016s2014||||ag #   ###   #000|pdspa#d</controlfield>
  <datafield tag="020" ind1=" " ind2=" ">
    <subfield code="a">9789505462391</subfield>
  </datafield>
  <datafield tag="020" ind1=" " ind2=" ">
    <subfield code="a">9789505462377 (obra completa)</subfield>
  </datafield>
  <datafield tag="040" ind1=" " ind2=" ">
    <subfield code="a">AR-BeUNQ</subfield>
    <subfield code="b">spa</subfield>
    <subfield code="e">aacr</subfield>
  </datafield>
  <datafield tag="082" ind1="0" ind2="4">
    <subfield code="a">N 861</subfield>
    <subfield code="2">21</subfield>
  </datafield>
  <datafield tag="100" ind1="1" ind2=" ">
    <subfield code="a">Cardenal, Ernesto.</subfield>
  </datafield>
  <datafield tag="245" ind1="0" ind2="2">
    <subfield code="a">Poes&#xED;a completa. </subfield>
    <subfield code="c">Ernesto Cardenal.</subfield>
    <subfield code="n">Tomo II / </subfield>
  </datafield>
  <datafield tag="250" ind1=" " ind2=" ">
    <subfield code="a">1a. ed.</subfield>
  </datafield>
  <datafield tag="260" ind1=" " ind2=" ">
    <subfield code="a">Buenos Aires : </subfield>
    <subfield code="b">Patria Grande, </subfield>
    <subfield code="c">2014.</subfield>
  </datafield>
  <datafield tag="300" ind1=" " ind2=" ">
    <subfield code="a">266 p. ; </subfield>
    <subfield code="c">20 cm.</subfield>
  </datafield>
  <datafield tag="490" ind1="1" ind2=" ">
    <subfield code="a">Colecci&#xF3;n Juan Gelman ; </subfield>
  </datafield>
  <datafield tag="500" ind1=" " ind2=" ">
    <subfield code="a">Edici&#xF3;n especial para el Ministerio de Educaci&#xF3;n.</subfield>
  </datafield>
  <datafield tag="505" ind1="0" ind2=" ">
    <subfield code="a">Aproximaci&#xF3;n a la poes&#xED;a de Ernesto Cardenal -- Pasajero de tr&#xE1;nsito -- Canto nacional -- Coplas a la muerte de Merton -- 2 ep&#xED;stolas -- Or&#xE1;culo sobre Managua -- Versos del pluriverso -- El telescopio en la noche oscura --- Acerca del autor</subfield>
  </datafield>
  <datafield tag="650" ind1=" " ind2="7">
    <subfield code="a">Literatura (arte)</subfield>
    <subfield code="2">spines</subfield>
  </datafield>
  <datafield tag="650" ind1=" " ind2="7">
    <subfield code="a">Literatura latinoamericana</subfield>
    <subfield code="2">tell</subfield>
  </datafield>
  <datafield tag="650" ind1=" " ind2="7">
    <subfield code="a">Poes&#xED;a</subfield>
    <subfield code="2">tell</subfield>
  </datafield>
  <datafield tag="651" ind1=" " ind2="7">
    <subfield code="a">Nicaragua</subfield>
    <subfield code="2">spines</subfield>
  </datafield>
  <datafield tag="830" ind1=" " ind2="0">
    <subfield code="a">Colecci&#xF3;n Juan Gelman. ; </subfield>
    <subfield code="v">47</subfield>
  </datafield>
  <datafield tag="929" ind1=" " ind2=" ">
    <subfield code="a">DONACION</subfield>
    <subfield code="b">Ministerio de Educaci&#xF3;n</subfield>
    <subfield code="d">148,00E</subfield>
    <subfield code="e">20151006</subfield>
    <subfield code="f">PAT0059809</subfield>
    <subfield code="g">2912 Exp. 827-0387/98</subfield>
    <subfield code="j">53782</subfield>
  </datafield>
  <datafield tag="942" ind1=" " ind2=" ">
    <subfield code="c">LIB</subfield>
    <subfield code="n">0</subfield>
  </datafield>
  <datafield tag="999" ind1=" " ind2=" ">
    <subfield code="c">22</subfield>
    <subfield code="d">22</subfield>
  </datafield>
  <datafield tag="952" ind1=" " ind2=" ">
    <subfield code="0">0</subfield>
    <subfield code="1">0</subfield>
    <subfield code="3">t. 2</subfield>
    <subfield code="a">BIBESET</subfield>
    <subfield code="b">BIBESET</subfield>
    <subfield code="c">circulacion</subfield>
    <subfield code="d">2016-06-02</subfield>
    <subfield code="h">v. 2</subfield>
    <subfield code="l">0</subfield>
    <subfield code="o">N 861 CAR</subfield>
    <subfield code="p">53782</subfield>
    <subfield code="r">2016-06-02</subfield>
    <subfield code="t">1</subfield>
    <subfield code="w">2022-02-24</subfield>
    <subfield code="y">LIB</subfield>
    <subfield code="k">CMG</subfield>
  </datafield>
</record>
